Biochemistry

Bibliographic Details
Main Authors: Berg, Jeremy M. (Author), Gatto, Gregory (Author), Heller, Jutta Beneken (Author), Hines, Justin K. (Author), Stryer, Lubert (Author), Tymoczko, John L. (Author)
Format: Book
Language:English
Published: New York Macmillan Learning ©2023
Edition:Tenth edition
Subjects:

MARC

LEADER 00000cam a2200000 7i4500
001 0000102721
008 241125s2023 nyu eng
020 |a 1319333621 
020 |a 1319498405 
020 |a 1319498507 
020 |a 9781319333621 
020 |a 9781319498405 
020 |a 9781319498504 
040 |a UniSZA  |e rda 
050 0 0 |a QP514.2  |b .B47 2023 
090 0 0 |a QP514.2  |b .B47 2023 
100 1 |a Berg, Jeremy M.  |e author 
245 1 0 |a Biochemistry  |c Jeremy M. Berg, Gregory J. Gatto, Jr., Justin K. Hines, Jutta Beneken Heller, John L. Tymoczko, Lubert Stryer 
250 |a Tenth edition 
264 1 |a New York  |b Macmillan Learning  |c ©2023 
264 4 |c ©2023 
300 |a xxxvi, 1001 pages  |b color illustrations  |c 28 cm 
336 |a text  |2 rdacontent 
337 |a unmediated  |2 rdamedia 
338 |a volume  |2 rdacarrier 
650 0 |a Biochemistry 
650 0 |a Biochemistry  |v Textbooks 
700 1 |a Gatto, Gregory  |e author 
700 1 |a Heller, Jutta Beneken  |e author 
700 1 |a Hines, Justin K.  |e author 
700 1 |a Stryer, Lubert  |e author 
700 1 |a Tymoczko, John L.  |e author 
999 |a 1000187258  |b Red Spot  |c OPEN SHELF (30 DAYS)  |e Gong Badak Campus 
999 |a 1000187259  |b Book  |c OPEN SHELF (30 DAYS)  |e Gong Badak Campus 
999 |a 1000187260  |b Book  |c OPEN SHELF (30 DAYS)  |e Gong Badak Campus